{"text_format":"3","workbook":"xlsx","n_sheets":2,"sheets":["SUMMARY","MATERIAL TAKE-OFF"],"not_rendered":{"charts":1,"images":3,"defined_names":3},"read":"whole","date_system":"1900"}

{"sheet":"SUMMARY","index":0,"n_rows":18,"n_cols":4,"rows_kept":18,"merged":[[12,0,12,1],[13,0,13,3],[17,0,17,1]]}
[]
["Project ID:"]
[]
["Address:"]
[]
["No. of Floors:",2]
[]
["Building GSF",2173]
[]
["DIVISION NO.","DESCRIPTION","TOTAL DIV. COST","TOTAL DIV. COST (PER SF)"]
[1000,"General Requirements",{"$f":"'MATERIAL TAKE-OFF'!P19","v":{"v":16448.586655955998,"d":"$16,449"}},{"$f":"C11/$B$8","v":{"v":7.569529063946617,"d":"$7.57"}}]
[8000,"Openings",{"$f":"'MATERIAL TAKE-OFF'!P49","v":{"v":139041.30732,"d":"$139,041"}},{"$f":"C12/$B$8","v":{"v":63.98587543488265,"d":"$63.99"}}]
["PROJECTED COST",null,{"$f":"SUM(C11:C12)","v":{"v":155489.893975956,"d":"$155,490"}},{"$f":"SUM(D11:D12)","v":{"v":71.55540449882926,"d":"$72"}}]
[]
["OVERHEAD AND PROFIT",{"v":0.2,"d":"20%"},{"$f":"$C$13*B15","v":{"v":31097.9787951912,"d":"$31,098"}},{"$f":"$D$13*B15","v":{"v":14.311080899765853,"d":"$14"}}]
["INSURANCE",{"v":0.03,"d":"3%"},{"$f":"$C$13*B16","v":{"v":4664.69681927868,"d":"$4,665"}},{"$f":"$D$13*B16","v":{"v":2.1466621349648776,"d":"$2"}}]
["CONTINGENCY",{"v":0.05,"d":"5%"},{"$f":"$C$13*B17","v":{"v":7774.4946987978,"d":"$7,774"}},{"$f":"$D$13*B17","v":{"v":3.5777702249414634,"d":"$4"}}]
["SUGGESTED BASE BID",null,{"$f":"SUM(C13:C17)","v":{"v":199027.06428922364,"d":"$199,027"}},{"$f":"SUM(D13:D17)","v":{"v":91.59091775850145,"d":"$92"}}]

{"sheet":"MATERIAL TAKE-OFF","index":1,"n_rows":67,"n_cols":17,"rows_kept":67,"merged":[[2,10,2,11],[2,12,2,13],[3,10,3,11],[3,12,3,13],[4,10,4,11],[4,12,4,13],[5,10,5,11],[5,12,5,13],[6,10,6,11],[6,12,6,13],[7,10,7,11],[7,12,7,13],[10,1,10,14],[20,1,20,14],[22,1,47,1],[49,0,49,12],[50,0,50,13],[51,0,51,13],[52,0,52,13],[53,0,53,13],[54,0,54,12],[56,1,56,14]]}
[]
[]
["Project: "]
[]
["Address:"]
[]
["Scope:","OPENINGS"]
[]
["Date:"]
["SR #","REF","DESCRIPTION","QUANTITY","UNIT","WASTAGE","QUANTITY W/ WASTAGE","LABOR HOURS","WAGES","TOTAL LABOR  HOUR","TOTAL LABOUR COST","MATERIAL RATE","TOTAL MATETRIAL COST","EQUIPMENT RATE","TOTAL EQUIPMENT COSTS","SUB COST"]
[null,"01. GENERAL REQUIREMENTS"]
[1,null,"Supervision and Coordination",1,"LS",{"v":0,"d":"0%"},{"$f":"(F12*D12)+D12","v":{"v":1,"d":"1.00"}},{"$f":"2.5%*$Q$12/I12","v":{"v":66.57791003639149,"d":"66.58"}},{"v":52.21,"d":"$52.21"},{"$f":"H12*G12","v":{"v":66.57791003639149,"d":"66.58"}},{"$f":"I12*J12","v":{"v":3476.0326829999995,"d":"$3,476.03"}},{"v":0,"d":"$0.00"},{"$f":"L12*G12","v":{"v":0,"d":"$0.00"}},{"v":0,"d":"$0.00"},{"$f":"N12*G12","v":{"v":0,"d":"$0.00"}},{"$f":"IF(D12=\"\",\"\",(K12+M12+O12))","v":{"v":3476.0326829999995,"d":"$3,476.03"}},{"$f":"SUM(P22:P49)/2","v":{"v":139041.30732,"d":"$139,041.31"}}]
[{"$f":"A12+1","v":2},null,"Submittals and Shop drawings",1,"LS",{"v":0,"d":"0%"},{"v":1,"d":"1.00"},{"$f":"1.65%*$Q$12/I13","v":{"v":43.94142062401839,"d":"43.94"}},{"v":52.21,"d":"$52.21"},{"v":43.94142062401839,"d":"43.94"},{"v":2294.18157078,"d":"$2,294.18"},{"v":0,"d":"$0.00"},{"v":0,"d":"$0.00"},{"v":0,"d":"$0.00"},{"v":0,"d":"$0.00"},{"v":2294.18157078,"d":"$2,294.18"}]
[3,null,"Final Cleaning",1,"LS",{"v":0,"d":"0%"},{"v":1,"d":"1.00"},{"$f":"0.85%*$Q$12/I14","v":{"v":22.63648941237311,"d":"22.64"}},{"v":52.21,"d":"$52.21"},{"v":22.63648941237311,"d":"22.64"},{"v":1181.85111222,"d":"$1,181.85"},{"v":0,"d":"$0.00"},{"v":0,"d":"$0.00"},{"v":0,"d":"$0.00"},{"v":0,"d":"$0.00"},{"v":1181.85111222,"d":"$1,181.85"}]
[4,null,"Mobilization Costs",1,"LS",{"v":0,"d":"0%"},{"v":1,"d":"1.00"},{"$f":"2.35%*$Q$12/I15","v":{"v":62.583235434208,"d":"62.58"}},{"v":52.21,"d":"$52.21"},{"v":62.583235434208,"d":"62.58"},{"v":3267.47072202,"d":"$3,267.47"},{"v":0,"d":"$0.00"},{"v":0,"d":"$0.00"},{"v":0,"d":"$0.00"},{"v":0,"d":"$0.00"},{"v":3267.47072202,"d":"$3,267.47"}]
[5,null,"Bond @ 2%",1,"LS",{"v":0,"d":"0%"},{"v":1,"d":"1.00"},{"$f":"2%*$Q$12/I16","v":{"v":53.26232802911319,"d":"53.26"}},{"v":52.21,"d":"$52.21"},{"v":53.26232802911319,"d":"53.26"},{"v":2780.8261463999997,"d":"$2,780.83"},{"v":0,"d":"$0.00"},{"v":0,"d":"$0.00"},{"v":0,"d":"$0.00"},{"v":0,"d":"$0.00"},{"v":2780.8261463999997,"d":"$2,780.83"}]
[6,null,"Temporary Control & Facilities",1,"LS",{"v":0,"d":"0%"},{"v":1,"d":"1.00"},{"$f":"0.98%*$Q$12/I17","v":{"v":26.098540734265463,"d":"26.10"}},{"v":52.21,"d":"$52.21"},{"v":26.098540734265463,"d":"26.10"},{"v":1362.6048117359999,"d":"$1,362.60"},{"v":0,"d":"$0.00"},{"v":0,"d":"$0.00"},{"v":0,"d":"$0.00"},{"v":0,"d":"$0.00"},{"v":1362.6048117359999,"d":"$1,362.60"}]
[7,null,"Scaffolding",1,"LS",{"v":0,"d":"0%"},{"v":1,"d":"1.00"},{"$f":"1.5%*$Q$12/I18","v":{"v":39.9467460218349,"d":"39.95"}},{"v":52.21,"d":"$52.21"},{"v":39.9467460218349,"d":"39.95"},{"v":2085.6196098,"d":"$2,085.62"},{"v":0,"d":"$0.00"},{"v":0,"d":"$0.00"},{"v":0,"d":"$0.00"},{"v":0,"d":"$0.00"},{"v":2085.6196098,"d":"$2,085.62"}]
[{"$f":"IF(E19=0,\"\",1+MAX(A13:A18))","v":""},{"$nulls":13},"SUBTOTAL",{"$f":"SUM(P12:P18)","v":{"v":16448.586655955998,"d":"$16,448.59"}}]
[{"$f":"IF(E20=0,\"\",1+MAX(#REF!))","v":""}]
[{"$f":"IF(E21=0,\"\",1+MAX(A20:A20))","v":""},"08. OPENINGS"]
[{"$f":"IF(E22=0,\"\",1+MAX(A20:A21))","v":""},null,"Doors"]
[{"$f":"IF(D23=0,\"\",1+MAX(A$12:A22))","v":8},"A-2\nA-10","100A: 10'-0\"  x 11'-6\" Overhead Sectional Garrage Door\n Door Material: Holow Metal w/Frame \nFinish: Factory Finish- Clopay \"Chocolate\"",{"v":1,"d":"1.00"},"EA",{"v":0,"d":"0%"},{"$f":"(F23*D23)+D23","v":{"v":1,"d":"1.00"}},{"v":73.87830000000001,"d":"73.88"},{"v":44,"d":"$44.00"},{"$f":"H23*G23","v":{"v":73.87830000000001,"d":"73.88"}},{"$f":"I23*J23","v":{"v":3250.6452000000004,"d":"$3,250.65"}},{"v":15428.4,"d":"$15,428.40"},{"$f":"L23*G23","v":{"v":15428.4,"d":"$15,428.40"}},{"v":0,"d":"$0.00"},{"$f":"N23*G23","v":{"v":0,"d":"$0.00"}},{"$f":"IF(D23=\"\",\"\",(K23+M23+O23))","v":{"v":18679.0452,"d":"$18,679.05"}}]
[{"$f":"IF(D24=0,\"\",1+MAX(A$12:A23))","v":9},null,"100B: 10'-0\"  x 11'-6\" Overhead Sectional Garrage Door\n Door Material: Holow Metal w/ Frame\nFinish: Factory Finish- Clopay \"Chocolate\"",{"v":1,"d":"1.00"},"EA",{"v":0,"d":"0%"},{"v":1,"d":"1.00"},{"v":73.87830000000001,"d":"73.88"},{"v":44,"d":"$44.00"},{"v":73.87830000000001,"d":"73.88"},{"v":3250.6452000000004,"d":"$3,250.65"},{"v":15428.4,"d":"$15,428.40"},{"v":15428.4,"d":"$15,428.40"},{"v":0,"d":"$0.00"},{"v":0,"d":"$0.00"},{"v":18679.0452,"d":"$18,679.05"}]
[{"$f":"IF(D25=0,\"\",1+MAX(A$12:A24))","v":10},null,"100C: 10'-0\"  x 11'-6\" Overhead Sectional Garrage Door\n Door Material: Holow Metal w/ Frame\n Finish: Factory Finish- Clopay \"Chocolate\"",{"v":1,"d":"1.00"},"EA",{"v":0,"d":"0%"},{"v":1,"d":"1.00"},{"v":73.87830000000001,"d":"73.88"},{"v":44,"d":"$44.00"},{"v":73.87830000000001,"d":"73.88"},{"v":3250.6452000000004,"d":"$3,250.65"},{"v":15428.4,"d":"$15,428.40"},{"v":15428.4,"d":"$15,428.40"},{"v":0,"d":"$0.00"},{"v":0,"d":"$0.00"},{"v":18679.0452,"d":"$18,679.05"}]
[{"$f":"IF(D26=0,\"\",1+MAX(A$12:A25))","v":11},null,"100D: 10'-0\"  x 11'-6\" Overhead Sectional Garrage Door\nDoor Material: Holow Metal w/ Frame \nFinish: Factory Finish- Clopay \"Chocolate\"",{"v":1,"d":"1.00"},"EA",{"v":0,"d":"0%"},{"v":1,"d":"1.00"},{"v":73.87830000000001,"d":"73.88"},{"v":44,"d":"$44.00"},{"v":73.87830000000001,"d":"73.88"},{"v":3250.6452000000004,"d":"$3,250.65"},{"v":15428.4,"d":"$15,428.40"},{"v":15428.4,"d":"$15,428.40"},{"v":0,"d":"$0.00"},{"v":0,"d":"$0.00"},{"v":18679.0452,"d":"$18,679.05"}]
[{"$f":"IF(D27=0,\"\",1+MAX(A$12:A26))","v":12},null,"100E: 10'-0\"  x 11'-6\" Overhead Sectional Garrage Door \nDoor Material: Holow Metal w/ Frame\n Finish: Factory Finish- Clopay \"Chocolate\"",{"v":1,"d":"1.00"},"EA",{"v":0,"d":"0%"},{"v":1,"d":"1.00"},{"v":73.87830000000001,"d":"73.88"},{"v":44,"d":"$44.00"},{"v":73.87830000000001,"d":"73.88"},{"v":3250.6452000000004,"d":"$3,250.65"},{"v":15428.4,"d":"$15,428.40"},{"v":15428.4,"d":"$15,428.40"},{"v":0,"d":"$0.00"},{"v":0,"d":"$0.00"},{"v":18679.0452,"d":"$18,679.05"}]
[{"$f":"IF(D28=0,\"\",1+MAX(A$12:A27))","v":13},null,"100F: 10'-0\"  x 11'-6\" Overhead Sectional Garrage Door \nDoor Material: Holow Metal w/ Frame \nFinish: Factory Finish- Clopay \"Chocolate\"",{"v":1,"d":"1.00"},"EA",{"v":0,"d":"0%"},{"v":1,"d":"1.00"},{"v":73.87830000000001,"d":"73.88"},{"v":44,"d":"$44.00"},{"v":73.87830000000001,"d":"73.88"},{"v":3250.6452000000004,"d":"$3,250.65"},{"v":15428.4,"d":"$15,428.40"},{"v":15428.4,"d":"$15,428.40"},{"v":0,"d":"$0.00"},{"v":0,"d":"$0.00"},{"v":18679.0452,"d":"$18,679.05"}]
[{"$f":"IF(D29=0,\"\",1+MAX(A$12:A28))","v":14},null,"100G: 3'-0\" x 7'-0\"  Single Panel Swing Door\n Door Material: Holow Metal w/ Frame",{"v":1,"d":"1.00"},"EA",{"v":0,"d":"0%"},{"v":1,"d":"1.00"},{"v":11.323620000000002,"d":"11.32"},{"v":44,"d":"$44.00"},{"v":11.323620000000002,"d":"11.32"},{"v":498.23928000000006,"d":"$498.24"},{"v":1760.8500000000001,"d":"$1,760.85"},{"v":1760.8500000000001,"d":"$1,760.85"},{"v":0,"d":"$0.00"},{"v":0,"d":"$0.00"},{"v":2259.08928,"d":"$2,259.09"}]
[{"$f":"IF(D30=0,\"\",1+MAX(A$12:A29))","v":15},null,"101: 3'-0\" x 7'-0\"  Single Panel Swing Door \nDoor Material: Holow Metal  w/ \n2'-0\"x2'-6\" Glass Vision Panel w/ Frame",{"v":1,"d":"1.00"},"EA",{"v":0,"d":"0%"},{"v":1,"d":"1.00"},{"v":11.323620000000002,"d":"11.32"},{"v":44,"d":"$44.00"},{"v":11.323620000000002,"d":"11.32"},{"v":498.23928000000006,"d":"$498.24"},{"v":1760.8500000000001,"d":"$1,760.85"},{"v":1760.8500000000001,"d":"$1,760.85"},{"v":0,"d":"$0.00"},{"v":0,"d":"$0.00"},{"v":2259.08928,"d":"$2,259.09"}]
[{"$f":"IF(D31=0,\"\",1+MAX(A$12:A30))","v":16},null,"102: 3'-0\" x 7'-0\"  Single Panel Swing Door \nDoor Material: Holow Metal w/ Frame",{"v":1,"d":"1.00"},"EA",{"v":0,"d":"0%"},{"v":1,"d":"1.00"},{"v":11.323620000000002,"d":"11.32"},{"v":44,"d":"$44.00"},{"v":11.323620000000002,"d":"11.32"},{"v":498.23928000000006,"d":"$498.24"},{"v":1760.8500000000001,"d":"$1,760.85"},{"v":1760.8500000000001,"d":"$1,760.85"},{"v":0,"d":"$0.00"},{"v":0,"d":"$0.00"},{"v":2259.08928,"d":"$2,259.09"}]
[{"$f":"IF(D32=0,\"\",1+MAX(A$12:A31))","v":17},null,"102A: 3'-0\" x 7'-0\"  Single Panel Swing Door\n Door Material: Holow Metal w/ Frame",{"v":1,"d":"1.00"},"EA",{"v":0,"d":"0%"},{"v":1,"d":"1.00"},{"v":11.323620000000002,"d":"11.32"},{"v":44,"d":"$44.00"},{"v":11.323620000000002,"d":"11.32"},{"v":498.23928000000006,"d":"$498.24"},{"v":1760.8500000000001,"d":"$1,760.85"},{"v":1760.8500000000001,"d":"$1,760.85"},{"v":0,"d":"$0.00"},{"v":0,"d":"$0.00"},{"v":2259.08928,"d":"$2,259.09"}]
[{"$f":"IF(D33=0,\"\",1+MAX(A$12:A32))","v":18},null,"103: 3'-0\" x 7'-0\"  Single Panel Swing Door\nDoor Material: Holow Metal w/ Frame",{"v":1,"d":"1.00"},"EA",{"v":0,"d":"0%"},{"v":1,"d":"1.00"},{"v":11.323620000000002,"d":"11.32"},{"v":44,"d":"$44.00"},{"v":11.323620000000002,"d":"11.32"},{"v":498.23928000000006,"d":"$498.24"},{"v":1760.8500000000001,"d":"$1,760.85"},{"v":1760.8500000000001,"d":"$1,760.85"},{"v":0,"d":"$0.00"},{"v":0,"d":"$0.00"},{"v":2259.08928,"d":"$2,259.09"}]
[{"$f":"IF(E34=0,\"\",1+MAX(A20:A23))","v":""},null,"Windows"]
[{"$f":"IF(D35=0,\"\",1+MAX(A$12:A34))","v":19},null,"Tag-A: 56\" x 48\" Fixed Glass Window/ Clear Anodized Aluminum Frame\n Mfr: PGT Industries, Glass Tint: Gray, Glass Mat: Impact Resistant\nModel: PW 750",{"v":1,"d":"1.00"},"EA",{"v":0,"d":"0%"},{"$f":"(F35*D35)+D35","v":{"v":1,"d":"1.00"}},{"v":11.3262,"d":"11.33"},{"v":44,"d":"$44.00"},{"$f":"H35*G35","v":{"v":11.3262,"d":"11.33"}},{"$f":"I35*J35","v":{"v":498.3528,"d":"$498.35"}},{"v":2192.8452,"d":"$2,192.85"},{"$f":"L35*G35","v":{"v":2192.8452,"d":"$2,192.85"}},{"v":0,"d":"$0.00"},{"$f":"N35*G35","v":{"v":0,"d":"$0.00"}},{"$f":"IF(D35=\"\",\"\",(K35+M35+O35))","v":{"v":2691.1980000000003,"d":"$2,691.20"}}]
[{"$f":"IF(D36=0,\"\",1+MAX(A$12:A35))","v":20},null,"Tag-B: 24\" x 48\" Fixed Glass Window/ \nClear Anodized Aluminum Frame, Mfr: PGT Industries, Glass Tint: Gray, Glass Mat: Impact Resistant, Model: PW 750",{"v":1,"d":"1.00"},"EA",{"v":0,"d":"0%"},{"v":1,"d":"1.00"},{"v":4.8504,"d":"4.85"},{"v":44,"d":"$44.00"},{"v":4.8504,"d":"4.85"},{"v":213.4176,"d":"$213.42"},{"v":939.12,"d":"$939.12"},{"v":939.12,"d":"$939.12"},{"v":0,"d":"$0.00"},{"v":0,"d":"$0.00"},{"v":1152.5376,"d":"$1,152.54"}]
[{"$f":"IF(E37=0,\"\",1+MAX(A20:A35))","v":""},null,"Louver"]
[{"$f":"IF(D38=0,\"\",1+MAX(A$12:A37))","v":21},null,"1'-6\" x 1'-4\" Metal Louver",{"v":1,"d":"1.00"},"EA",{"v":0,"d":"0%"},{"$f":"(F38*D38)+D38","v":{"v":1,"d":"1.00"}},{"v":8.815859999999999,"d":"8.82"},{"v":44,"d":"$44.00"},{"$f":"H38*G38","v":{"v":8.815859999999999,"d":"8.82"}},{"$f":"I38*J38","v":{"v":387.89784,"d":"$387.90"}},{"v":520.8761999999999,"d":"$520.88"},{"$f":"L38*G38","v":{"v":520.8761999999999,"d":"$520.88"}},{"v":0,"d":"$0.00"},{"$f":"N38*G38","v":{"v":0,"d":"$0.00"}},{"$f":"IF(D38=\"\",\"\",(K38+M38+O38))","v":{"v":908.7740399999999,"d":"$908.77"}}]
[{"$f":"IF(E39=0,\"\",1+MAX(A22:A38))","v":""},null,"Attic Access"]
[{"$f":"IF(D40=0,\"\",1+MAX(A$12:A39))","v":22},null,"1'-10\" x 4'-6\" Attic Access Hatch",{"v":1,"d":"1.00"},"EA",{"v":0,"d":"0%"},{"$f":"(F40*D40)+D40","v":{"v":1,"d":"1.00"}},{"v":12.71424,"d":"12.71"},{"v":44,"d":"$44.00"},{"$f":"H40*G40","v":{"v":12.71424,"d":"12.71"}},{"$f":"I40*J40","v":{"v":559.42656,"d":"$559.43"}},{"v":1371.6312,"d":"$1,371.63"},{"$f":"L40*G40","v":{"v":1371.6312,"d":"$1,371.63"}},{"v":0,"d":"$0.00"},{"$f":"N40*G40","v":{"v":0,"d":"$0.00"}},{"$f":"IF(D40=\"\",\"\",(K40+M40+O40))","v":{"v":1931.0577600000001,"d":"$1,931.06"}}]
[{"$f":"IF(E41=0,\"\",1+MAX(A34:A40))","v":""},null,"Door Hardwares"]
[{"$f":"IF(D42=0,\"\",1+MAX(A$12:A41))","v":23},null,"Set #1\n - 1-1/2 Pair Hinges NRP Mortised Deadbolt \n - Lockset Combined w/ Thumb Turn Inside & Keyed Outside\n - Closer\n - Full Weatherstrip\n - Sweep\n - Rain Drip On Frame Overhead\n - Threshold\n - Silencers\n - Floor Stop",{"v":2,"d":"2.00"},"EA",{"v":0,"d":"0%"},{"$f":"(F42*D42)+D42","v":{"v":2,"d":"2.00"}},{"v":9.06612,"d":"9.07"},{"v":44,"d":"$44.00"},{"$f":"H42*G42","v":{"v":18.13224,"d":"18.13"}},{"$f":"I42*J42","v":{"v":797.8185599999999,"d":"$797.82"}},{"v":1426.0692000000001,"d":"$1,426.07"},{"$f":"L42*G42","v":{"v":2852.1384000000003,"d":"$2,852.14"}},{"v":0,"d":"$0.00"},{"$f":"N42*G42","v":{"v":0,"d":"$0.00"}},{"$f":"IF(D42=\"\",\"\",(K42+M42+O42))","v":{"v":3649.9569600000004,"d":"$3,649.96"}}]
[{"$f":"IF(D43=0,\"\",1+MAX(A$12:A42))","v":24},null,"Set #2\r\n - 1-1/2 Pair Hinges \r\n - Lockset Push Button Inside & Keyed Outside\r\n - Closer\r\n - Silencers\r\n - Floor Stop",{"v":1,"d":"1.00"},"EA",{"v":0,"d":"0%"},{"v":1,"d":"1.00"},{"v":8.00316,"d":"8.00"},{"v":44,"d":"$44.00"},{"v":8.00316,"d":"8.00"},{"v":352.13903999999997,"d":"$352.14"},{"v":1286.4654,"d":"$1,286.47"},{"v":1286.4654,"d":"$1,286.47"},{"v":0,"d":"$0.00"},{"v":0,"d":"$0.00"},{"v":1638.60444,"d":"$1,638.60"}]
[{"$f":"IF(D44=0,\"\",1+MAX(A$12:A43))","v":25},null,"Set #3\r\n - 1-1/2 Pair Hinges \r\n - Lockset Push Button Inside & Keyed Outside\r\n - Closer\r\n - Silencers\r\n - Wall Stop\r\n- Tactile Sign w/ International Symbol: MEN/WOMEN",{"v":1,"d":"1.00"},"EA",{"v":0,"d":"0%"},{"v":1,"d":"1.00"},{"v":8.508840000000001,"d":"8.51"},{"v":44,"d":"$44.00"},{"v":8.508840000000001,"d":"8.51"},{"v":374.38896000000005,"d":"$374.39"},{"v":1302.1776000000002,"d":"$1,302.18"},{"v":1302.1776000000002,"d":"$1,302.18"},{"v":0,"d":"$0.00"},{"v":0,"d":"$0.00"},{"v":1676.5665600000002,"d":"$1,676.57"}]
[{"$f":"IF(D45=0,\"\",1+MAX(A$12:A44))","v":26},null,"Set #4\r\n - 1-1/2 Pair Hinges \r\n - Lockset - Passage\r\n - Closer\r\n - Silencers\r\n - Floor Stop",{"v":1,"d":"1.00"},"EA",{"v":0,"d":"0%"},{"v":1,"d":"1.00"},{"v":7.038240000000001,"d":"7.04"},{"v":44,"d":"$44.00"},{"v":7.038240000000001,"d":"7.04"},{"v":309.68256,"d":"$309.68"},{"v":1165.4118,"d":"$1,165.41"},{"v":1165.4118,"d":"$1,165.41"},{"v":0,"d":"$0.00"},{"v":0,"d":"$0.00"},{"v":1475.09436,"d":"$1,475.09"}]
[null,null,"Trims"]
[{"$f":"IF(D47=0,\"\",1+MAX(A$12:A46))","v":27},null,"Door Trim",{"v":170,"d":"170.00"},"LF",{"v":0.1,"d":"10%"},{"$f":"(F47*D47)+D47","v":{"v":187,"d":"187.00"}},{"v":0.025,"d":"0.03"},{"v":44,"d":"$44.00"},{"$f":"H47*G47","v":{"v":4.675,"d":"4.68"}},{"$f":"I47*J47","v":{"v":205.7,"d":"$205.70"}},{"v":1.39,"d":"$1.39"},{"$f":"L47*G47","v":{"v":259.93,"d":"$259.93"}},{"v":0,"d":"$0.00"},{"$f":"N47*G47","v":{"v":0,"d":"$0.00"}},{"$f":"IF(D47=\"\",\"\",(K47+M47+O47))","v":{"v":465.63,"d":"$465.63"}}]
[{"$f":"IF(D48=0,\"\",1+MAX(A$12:A47))","v":28},null,"Window Trim",{"v":30,"d":"30.00"},"LF",{"v":0.1,"d":"10%"},{"v":33,"d":"33.00"},{"v":0.025,"d":"0.03"},{"v":44,"d":"$44.00"},{"v":0.8250000000000001,"d":"0.83"},{"v":36.300000000000004,"d":"$36.30"},{"v":1.39,"d":"$1.39"},{"v":45.87,"d":"$45.87"},{"v":0,"d":"$0.00"},{"v":0,"d":"$0.00"},{"v":82.17,"d":"$82.17"}]
[{"$f":"IF(E49=0,\"\",1+MAX(A37:A42))","v":""},{"$nulls":13},"SUBTOTAL",{"$f":"SUM(P22:P48)","v":{"v":139041.30732,"d":"$139,041.31"}}]
[]
["PROJECTED COST",{"$nulls":14},{"$f":"SUM(P11:P50)/2","v":{"v":155489.89397595602,"d":"$155,490"}}]
["OVERHEAD AND PROFIT",{"$nulls":13},{"v":0.2,"d":"20%"},{"$f":"$P$51*O52","v":{"v":31097.978795191204,"d":"$31,098"}}]
["INSURANCE",{"$nulls":13},{"v":0.03,"d":"3%"},{"$f":"$P$51*O53","v":{"v":4664.69681927868,"d":"$4,665"}}]
["CONTINGENCY",{"$nulls":13},{"v":0.05,"d":"5%"},{"$f":"$P$51*O54","v":{"v":7774.494698797801,"d":"$7,774"}}]
["SUGGESTED BID",{"$nulls":14},{"$f":"SUM(P51:P54)","v":{"v":199027.0642892237,"d":"$199,027"}}]
["NOTES:"]
[null,"General Notes: The prices used while preparing the estimate were taken from RSMeans online i.e. the standard pricing. So, it is preferred to review the prices."]
[]
[null,null,"Note",{"$nulls":9},"Legend"]
[null,1,"The drawings are scaled as per the mentioned scales on the plans.",{"$nulls":9},"LBS = Pound "]
[{"$nulls":12},"SF= Square Feet"]
[{"$nulls":12},"LF = Linear Feet"]
[{"$nulls":12},"EA = Each"]
[{"$nulls":12},"CY = Cubic Yard"]
[{"$nulls":12},"SY = Square Yard"]
[{"$nulls":12},"LOC = Location"]
[{"$nulls":12},"LS = Lum Sum"]